Impact of climate change : (Record no. 53984)

MARC details
000 -LEADER
fixed length control field 00476nam a2200157Ia 4500
005 - DATE AND TIME OF LATEST TRANSACTION
control field 20260430133800.0
008 - FIXED-LENGTH DATA ELEMENTS--GENERAL INFORMATION
fixed length control field 260429s9999||||xx |||||||||||||| ||und||
020 ## - INTERNATIONAL STANDARD BOOK NUMBER
International Standard Book Number 9789392798030
082 ## - DEWEY DECIMAL CLASSIFICATION NUMBER
Classification number 363.738
Item number VEL
100 ## - MAIN ENTRY--PERSONAL NAME
Personal name Velmurgan, P. S.
245 #0 - TITLE STATEMENT
Title Impact of climate change :
Remainder of title mitigation and adaptation /
Statement of responsibility, etc P. S. Velmurgan
260 ## - PUBLICATION, DISTRIBUTION, ETC. (IMPRINT)
Place of publication, distribution, etc New Delhi :
Name of publisher, distributor, etc SSDN Publishers & Distributors,
Date of publication, distribution, etc 2023.
300 ## - PHYSICAL DESCRIPTION
Extent xii, 255 p.; hb
700 ## - ADDED ENTRY--PERSONAL NAME
Personal name Nagarajan, S.
942 ## - ADDED ENTRY ELEMENTS (KOHA)
Koha item type Faculty Publication
Holdings
Withdrawn status Lost status Damaged status Not for loan Home library Location Shelving location Date of Cataloging Source of acquisition Total Checkouts Full call number Barcode Date last seen Price effective from Koha item type
        CUTN Central Library CUTN Central Library Social Sciences 30/04/2026 Faculty Publication   363.738 VEL 55973 30/04/2026 30/04/2026 Faculty Publication